| 000 | 00418nam a2200145Ia 4500 | ||
|---|---|---|---|
| 005 | 20260328101510.0 | ||
| 008 | 260328s9999||||xx |||||||||||||| ||und|| | ||
| 100 | _aHilpert, Thilo | ||
| 245 | 0 |
_aLa Ciudad funcional : _b Le Corbusier y su visión de la Ciudad / _cThilo Hilpert |
|
| 250 | _aOriginal | ||
| 260 | _bInstituto de Estudios de Administración Local | ||
| 300 | _a490 p. | ||
| 650 | _aURBANISMO | ||
| 942 | _cBK | ||
| 999 |
_c9182 _d9182 |
||